El Medio ambiente en la legislación guatemalteca /

Gespeichert in:
Bibliographische Detailangaben
1. Verfasser: Amiel Escobar, León Arturo
Körperschaft: Guatemala. Leyes, Decretos, etc
Weitere Verfasser: comp
Format: Text
Veröffentlicht: Guatemala: Academia Centrum Siglo XXI
Schlagworte:
Tags: Tag hinzufügen
Keine Tags, Fügen Sie den ersten Tag hinzu!

MARC

LEADER 00000 a a2200000 04500
001 10403
003
040
090 |a 136200  
100 |a Amiel Escobar, León Arturo  
110 |a Guatemala. Leyes, Decretos, etc  
245 |a El Medio ambiente en la legislación guatemalteca /  |c León Arturo Amiel Escobar 
260 |a Guatemala:   |b Academia Centrum Siglo XXI  
300 |a 114 p.  
650 |a LEGISLACION AMBIENTAL  
650 |a MEDIO AMBIENTE  
650 |a RECURSOS NATURALES  
650 |a DESARROLLO SUSTENTABLE  
700 |a comp  
999 |c 6265  |d 6265